Statistics for Countries, US States, Capitals, Elements, 100 Most Common Words: A + B + xyz = C #5

Click here to take the quiz!

General Stats

  • This quiz has been taken 27 times
  • The average score is 32 of 48

Answer Stats

ANSWER% Correct
{}k{iN}g{}s{Town}
95%
{Not} 5
90%
{Not} 13
90%
{Tin} 8
85%
{The} 1
85%
{Rome} 10
85%
{Over} 10
85%
{Rome} 9
85%
{All} 8
85%
{Tin} 4
85%
{}p{}o{rt-o}f{-sPaiN}
85%
{Tin} 6
85%
{Now} 3
80%
{Its} 7
80%
{Paris} 10
80%
{Now} 6
80%
{Than} 8
80%
{Time} 7
80%
{Than} 9
80%
{Well} 1
75%
{Day} 7
75%
{Get} 8
75%
{Any} 2
75%
{wa}s{h}i{N}g{Ton}
75%
{st}r{oNtI}u{}m{}
70%
{m}o{}n{te}n{eGRo}
70%
{Out} 8
70%
{nAy}p{y}i{Da}w{}
65%
{Welli}n{}g{T}o{n}
65%
{n}o{ua}k{}c{hOTt}
65%
{gU}i{ne}a{-Bi}s{sau}
60%
{Tu}r{k}m{e}n{isTan}
60%
{monT}p{}e{}l{ieR}
60%
{Te}c{h}n{eTi}u{m}
60%
{Tunis} 10
55%
{Take} 1
55%
{Use} 2
50%
{Mali} 7
50%
{Tokyo} 12
50%
{el} s{}a{lvA}d{Or}
45%
{Maputo} 12
45%
{Bangui} 8
35%
{Dominica} 1
30%
{okl}a{}h{oMa} c{iTy}
30%
{p}r{oTa}c{t}i{niuM}
30%
{Domini}c{an} {re}p{}u{Blic}
30%
{Berlin} 15
25%

Score Distribution

Percentile by Number Answered

Percent of People with Each Score

Your Score History

You have not taken this quiz